[Event "euyr2018"]
[Site "?"]
[Date "2018.05.26"]
[Round "6.19"]
[White "Sobek, Michal"]
[Black "Cedzo, Adam"]
[Result "0-1"]
[BlackElo "1487"]
[WhiteElo "1830"]
[LiveChessVersion "1.4.8"]

1. e4 {[%clk 0:20:18]} e5 {[%clk 0:20:19]} 2. Nf3 {[%clk 0:20:27]} Nc6
{[%clk 0:20:28]} 3. Bc4 {[%clk 0:20:26]} Bc5 {[%clk 0:20:36]} 4. O-O
{[%clk 0:20:30]} Nf6 {[%clk 0:20:44]} 5. d3 {[%clk 0:20:34]} O-O {[%clk 0:20:46]}
6. h3 {[%clk 0:20:43]} h6 {[%clk 0:20:53]} 7. c3 {[%clk 0:20:44]} d6
{[%clk 0:20:55]} 8. Re1 {[%clk 0:20:49]} Be6 {[%clk 0:20:28]} 9. Bb3
{[%clk 0:20:54]} Ne7 {[%clk 0:19:24]} 10. d4 {[%clk 0:20:21]} exd4
{[%clk 0:19:29]} 11. cxd4 {[%clk 0:20:29]} Bb6 {[%clk 0:19:34]} 12. Bc2
{[%clk 0:20:19]} Ng6 {[%clk 0:18:42]} 13. Nc3 {[%clk 0:20:05]} c5
{[%clk 0:18:32]} 14. d5 {[%clk 0:14:48]} Bd7 {[%clk 0:18:35]} 15. b3
{[%clk 0:14:57]} Nh7 {[%clk 0:17:36]} 16. Qe2 {[%clk 0:13:55]} Re8
{[%clk 0:16:45]} 17. Bd2 {[%clk 0:11:33]} Ne5 {[%clk 0:16:27]} 18. Nxe5
{[%clk 0:11:15]} dxe5 {[%clk 0:16:35]} 19. Nd1 {[%clk 0:11:07]} Ng5
{[%clk 0:15:52]} 20. Qh5 {[%clk 0:08:21]} f6 {[%clk 0:13:48]} 21. h4
{[%clk 0:07:29]} Nf7 {[%clk 0:13:50]} 22. Re3 {[%clk 0:07:27]} Qe7
{[%clk 0:12:12]} 23. Rg3 {[%clk 0:07:22]} Kh8 {[%clk 0:11:18]} 24. Nc3
{[%clk 0:03:38]} Rf8 {[%clk 0:11:02]} 25. Be3 {[%clk 0:02:11]} Be8
{[%clk 0:10:49]} 26. Rd1 {[%clk 0:02:05]} Nd6 {[%clk 0:10:57]} 27. Qe2
{[%clk 0:02:09]} Rc8 {[%clk 0:09:25]} 28. Qd2 {[%clk 0:02:07]} Bh5
{[%clk 0:08:58]} 29. Rc1 {[%clk 0:01:43]} Ba5 {[%clk 0:07:39]} 30. Bd1
{[%clk 0:01:22]} Bxd1 {[%clk 0:07:33]} 31. Qxd1 {[%clk 0:01:01]} Bxc3
{[%clk 0:07:40]} 32. Rxc3 {[%clk 0:01:05]} Nxe4 {[%clk 0:07:47]} 33. Rg6
{[%clk 0:01:14]} Nxc3 34. Qh5 {[%clk 0:00:58]} Rf7 {[%clk 0:05:26]} 35. Qg4
{[%clk 0:00:44]} f5 {[%clk 0:05:00]} 36. Qh5 {[%clk 0:00:24]} Nxd5
{[%clk 0:04:53]} 37. Bxh6 {[%clk 0:00:11]} gxh6 {[%clk 0:05:01]} 38. Rxh6+
{[%clk 0:00:20]} Rh7 {[%clk 0:05:03]} 39. Qxf5 {[%clk 0:00:29]} Rxh6
{[%clk 0:04:40]} 40. Qxc8+ {[%clk 0:00:38]} Kg7 {[%clk 0:04:40]} 41. Qg4+
{[%clk 0:00:46]} Rg6 {[%clk 0:04:34]} 42. Qe4 {[%clk 0:00:55]} Nf4
{[%clk 0:04:19]} 43. g3 {[%clk 0:01:00]} Nh5 {[%clk 0:04:14]} 44. Kf1
{[%clk 0:00:54]} Rxg3 {[%clk 0:03:53]} 45. Qf5 {[%clk 0:00:57]} Kh6
{[%clk 0:02:43]} 46. Qc8 {[%clk 0:00:45]} Rg7 {[%clk 0:02:01]} 47. Qh8+
{[%clk 0:00:50]} Rh7 {[%clk 0:02:08]} 48. Qg8 {[%clk 0:00:55]} Qxh4
{[%clk 0:01:20]} 49. Qf8+ {[%clk 0:01:00]} Rg7 {[%clk 0:01:11]} 50. Qh8+
{[%clk 0:01:08]} Kg6 {[%clk 0:01:15]} 51. Qe8+ {[%clk 0:01:17]} Rf7
{[%clk 0:01:12]} 52. Qe6+ {[%clk 0:01:19]} Qf6 {[%clk 0:00:57]} 53. Qg4+
{[%clk 0:01:28]} Kh6 {[%clk 0:01:02]} 54. Ke1 {[%clk 0:01:31]} Qxf2+
{[%clk 0:01:08]} 55. Kd1 {[%clk 0:01:39]} Qf3+ {[%clk 0:01:14]} 0-1

[Event "euyr2018"]
[Site "?"]
[Date "2018.05.26"]
[Round "6.20"]
[White "Kapec, Kristian"]
[Black "Jares, Michal"]
[Result "0-1"]
[BlackElo "1767"]
[WhiteElo "1481"]
[LiveChessVersion "1.4.8"]

1. e4 {[%clk 0:20:19]} c5 {[%clk 0:20:17]} 2. Nf3 {[%clk 0:20:27]} Nc6
{[%clk 0:20:23]} 3. d4 {[%clk 0:20:36]} cxd4 {[%clk 0:20:29]} 4. Nxd4
{[%clk 0:20:44]} Nf6 {[%clk 0:20:36]} 5. Nc3 {[%clk 0:20:52]} e5 {[%clk 0:20:43]}
6. Ndb5 {[%clk 0:20:50]} d6 {[%clk 0:20:49]} 7. Bg5 {[%clk 0:20:34]} a6
{[%clk 0:20:55]} 8. Bxf6 {[%clk 0:20:36]} gxf6 {[%clk 0:20:59]} 9. Na3
{[%clk 0:20:04]} b5 {[%clk 0:21:06]} 10. Nd5 {[%clk 0:20:00]} Be6
{[%clk 0:20:49]} 11. Be2 {[%clk 0:19:38]} Bg7 {[%clk 0:20:41]} 12. c4
{[%clk 0:18:55]} b4 {[%clk 0:20:21]} 13. Nc2 {[%clk 0:19:01]} a5 {[%clk 0:20:26]}
14. Nce3 {[%clk 0:18:42]} Nd4 {[%clk 0:19:57]} 15. b3 {[%clk 0:18:16]} f5
{[%clk 0:19:13]} 16. exf5 {[%clk 0:18:00]} Nxf5 {[%clk 0:19:08]} 17. Bf3
{[%clk 0:17:26]} Rb8 {[%clk 0:18:33]} 18. Rc1 {[%clk 0:17:06]} O-O
{[%clk 0:18:20]} 19. Be4 {[%clk 0:16:22]} Nxe3 {[%clk 0:17:50]} 20. Nxe3
{[%clk 0:16:30]} f5 {[%clk 0:17:46]} 21. Bd5 {[%clk 0:16:18]} Qe7
{[%clk 0:17:12]} 22. O-O {[%clk 0:15:26]} Kh8 {[%clk 0:16:57]} 23. Bc6
{[%clk 0:11:42]} Bh6 {[%clk 0:15:55]} 24. Qh5 {[%clk 0:09:55]} Qg5
{[%clk 0:14:24]} 25. Qf3 {[%clk 0:08:26]} e4 {[%clk 0:13:10]} 26. Qe2
{[%clk 0:05:58]} f4 {[%clk 0:12:11]} 27. Nc2 {[%clk 0:05:17]} f3 {[%clk 0:11:41]}
0-1

[Event "euyr2018"]
[Site "?"]
[Date "2018.05.26"]
[Round "6.21"]
[White "Petrek, David"]
[Black "Gyerpal, Adrian"]
[Result "0-1"]
[BlackElo "1733"]
[WhiteElo "1481"]
[LiveChessVersion "1.4.8"]

1. e4 {[%clk 0:20:05]} c5 {[%clk 0:20:19]} 2. Nf3 {[%clk 0:20:06]} Nc6
{[%clk 0:20:26]} 3. d4 {[%clk 0:20:08]} cxd4 {[%clk 0:20:34]} 4. Nxd4
{[%clk 0:20:11]} g6 {[%clk 0:20:42]} 5. Be3 {[%clk 0:19:58]} Bg7 {[%clk 0:20:48]}
6. Nc3 {[%clk 0:20:04]} Nf6 {[%clk 0:20:56]} 7. f3 {[%clk 0:20:11]} O-O
{[%clk 0:20:56]} 8. Qd2 {[%clk 0:20:15]} d5 {[%clk 0:20:52]} 9. exd5
{[%clk 0:20:07]} Nxd5 {[%clk 0:20:52]} 10. O-O-O {[%clk 0:20:14]} Nxe3
{[%clk 0:20:04]} 11. Qxe3 {[%clk 0:20:21]} Bxd4 {[%clk 0:19:03]} 12. Qe4
{[%clk 0:19:39]} Bf5 {[%clk 0:18:53]} 13. Qh4 {[%clk 0:18:56]} Bf6
{[%clk 0:17:59]} 0-1

[Event "euyr2018"]
[Site "?"]
[Date "2018.05.26"]
[Round "6.22"]
[White "Valko, Michal"]
[Black "Ret, Adam Josef"]
[Result "1/2-1/2"]
[BlackElo "1675"]
[WhiteElo "1262"]
[LiveChessVersion "1.4.8"]

1. e4 {[%clk 0:20:18]} c5 {[%clk 0:20:20]} 2. Nf3 {[%clk 0:20:24]} d6
{[%clk 0:20:29]} 3. d4 {[%clk 0:20:33]} cxd4 {[%clk 0:20:37]} 4. Nxd4
{[%clk 0:20:41]} Nf6 {[%clk 0:20:45]} 5. Nc3 {[%clk 0:20:48]} a6 {[%clk 0:20:55]}
6. Be3 {[%clk 0:20:50]} e6 {[%clk 0:20:47]} 7. Qf3 {[%clk 0:20:46]} Be7
{[%clk 0:20:29]} 8. g4 {[%clk 0:19:57]} Nc6 {[%clk 0:20:10]} 9. O-O-O
{[%clk 0:19:01]} Nxd4 {[%clk 0:20:08]} 10. Rxd4 {[%clk 0:18:55]} e5
{[%clk 0:20:06]} 11. Rd2 {[%clk 0:19:00]} Bxg4 {[%clk 0:19:45]} 12. Qg3
{[%clk 0:19:09]} g6 {[%clk 0:19:31]} 13. f4 {[%clk 0:18:21]} Qa5 {[%clk 0:15:53]}
14. Bc4 {[%clk 0:15:29]} b5 {[%clk 0:13:28]} 15. Bd5 {[%clk 0:15:01]} Nxd5
{[%clk 0:12:40]} 16. exd5 b4 {[%clk 0:09:55]} 17. Nb1 {[%clk 0:13:54]} Bf5
{[%clk 0:09:45]} 18. fxe5 {[%clk 0:13:46]} dxe5 {[%clk 0:08:42]} 19. Qxe5
{[%clk 0:13:45]} f6 {[%clk 0:08:41]} 20. Qd4 {[%clk 0:13:16]} Qa4
{[%clk 0:06:37]} 21. d6 {[%clk 0:08:00]} Rd8 {[%clk 0:05:47]} 22. Bf4
{[%clk 0:05:33]} Qc6 {[%clk 0:04:54]} 23. Re1 {[%clk 0:05:30]} Rd7
{[%clk 0:03:38]} 24. Rxe7+ {[%clk 0:05:07]} Rxe7 {[%clk 0:03:38]} 25. dxe7
{[%clk 0:05:13]} Bg4 {[%clk 0:01:32]} 26. Qd8+ {[%clk 0:04:59]} Kf7
{[%clk 0:01:41]} 27. Qd5+ {[%clk 0:05:08]} Qxd5 {[%clk 0:01:49]} 28. Rxd5
{[%clk 0:05:17]} Kxe7 {[%clk 0:01:53]} 29. Nd2 {[%clk 0:04:58]} Rc8 30. b3
{[%clk 0:02:38]} Bf5 {[%clk 0:00:58]} 31. Nc4 {[%clk 0:02:40]} Be6
{[%clk 0:00:58]} 32. Rd4 {[%clk 0:02:04]} g5 {[%clk 0:00:55]} 33. Bd6+
{[%clk 0:02:14]} Kf7 {[%clk 0:01:01]} 34. Bxb4 {[%clk 0:02:17]} Bxc4
{[%clk 0:01:05]} 35. Rxc4 {[%clk 0:02:25]} Re8 {[%clk 0:01:09]} 36. Rc7+
{[%clk 0:02:33]} Kg6 {[%clk 0:01:17]} 37. Kd2 {[%clk 0:02:04]} Re4
{[%clk 0:01:25]} 38. Rc4 {[%clk 0:01:37]} Re5 {[%clk 0:01:23]} 39. Bc3
{[%clk 0:01:20]} Rf5 {[%clk 0:01:21]} 40. Ke2 {[%clk 0:01:23]} h5
{[%clk 0:01:18]} 41. h4 {[%clk 0:00:31]} g4 {[%clk 0:01:20]} 42. Be1
{[%clk 0:00:37]} Re5+ {[%clk 0:01:18]} 43. Kf1 {[%clk 0:00:46]} Rf5+
{[%clk 0:01:22]} 44. Kg2 {[%clk 0:00:55]} Re5 {[%clk 0:01:31]} 45. Bf2
{[%clk 0:00:40]} Re2 {[%clk 0:01:28]} 46. Rc6 {[%clk 0:00:45]} Kf5
{[%clk 0:01:21]} 47. Rxa6 {[%clk 0:00:43]} Rxc2 {[%clk 0:01:29]} 48. b4
{[%clk 0:00:53]} Ke5 {[%clk 0:01:24]} 49. b5 {[%clk 0:00:46]} f5 {[%clk 0:01:30]}
50. b6 {[%clk 0:00:53]} Rb2 {[%clk 0:01:36]} 51. Ra5+ {[%clk 0:00:55]} Kf4
{[%clk 0:01:43]} 52. Ra4+ {[%clk 0:01:03]} Ke5 {[%clk 0:01:49]} 53. Rc4
{[%clk 0:00:49]} f4 {[%clk 0:01:54]} 54. Rc5+ {[%clk 0:00:48]} Ke4
{[%clk 0:01:59]} 55. Rc4+ {[%clk 0:00:56]} Ke5 {[%clk 0:02:08]} 56. Kg1
{[%clk 0:00:47]} Rb1+ {[%clk 0:02:13]} 57. Kg2 {[%clk 0:00:48]} Rb2
{[%clk 0:02:22]} 58. Rc5+ {[%clk 0:00:41]} Ke4 {[%clk 0:02:26]} 59. Rc4+
{[%clk 0:00:24]} Ke5 {[%clk 0:02:31]} 60. Rc5+ {[%clk 0:00:21]} Ke4
{[%clk 0:02:40]} 61. Rc4+ Ke5 62. Kf1 Rb1+ 63. Ke2 Rb2+ 64. Ke1 Rb1+ 65. Kd2 Rb2+
66. Rc2 Rxc2+ 67. Kxc2 g3 68. Bg1 f3 69. b7 1/2-1/2

[Event "euyr2018"]
[Site "?"]
[Date "2018.05.26"]
[Round "6.23"]
[White "Kossuth, Tomas"]
[Black "Korenova, Simona"]
[Result "0-1"]
[BlackElo "1525"]
[WhiteElo "1277"]
[LiveChessVersion "1.4.8"]

1. e4 {[%clk 0:20:19]} d5 {[%clk 0:20:18]} 2. exd5 {[%clk 0:20:27]} Qxd5
{[%clk 0:20:27]} 3. Nc3 {[%clk 0:20:35]} Qd8 {[%clk 0:20:36]} 4. Nf3
{[%clk 0:20:39]} g6 {[%clk 0:20:41]} 5. Bc4 {[%clk 0:20:32]} Bg7 {[%clk 0:20:40]}
6. O-O {[%clk 0:20:39]} Nc6 {[%clk 0:20:31]} 7. d3 {[%clk 0:20:31]} Nf6
{[%clk 0:20:32]} 8. Bf4 {[%clk 0:19:58]} a6 {[%clk 0:20:35]} 9. Re1
{[%clk 0:20:00]} O-O {[%clk 0:20:37]} 10. h3 {[%clk 0:20:08]} b5 {[%clk 0:20:18]}
11. Bb3 {[%clk 0:20:02]} Bb7 {[%clk 0:19:23]} 12. a3 {[%clk 0:19:39]} Na5
{[%clk 0:18:48]} 13. Ba2 {[%clk 0:19:38]} c5 {[%clk 0:18:47]} 14. Be3
{[%clk 0:16:32]} Qc7 {[%clk 0:16:19]} 15. Qe2 {[%clk 0:14:28]} Rac8
{[%clk 0:15:35]} 16. Rac1 {[%clk 0:14:21]} Nd7 {[%clk 0:14:06]} 17. Bd2
{[%clk 0:11:15]} e6 {[%clk 0:10:54]} 18. Nd1 {[%clk 0:09:54]} Bxf3
{[%clk 0:08:54]} 19. Qxf3 {[%clk 0:09:01]} Nc6 {[%clk 0:08:35]} 20. Bc3
{[%clk 0:08:28]} Nd4 {[%clk 0:06:53]} 21. Bxd4 {[%clk 0:07:43]} cxd4
{[%clk 0:06:45]} 22. Qe2 {[%clk 0:04:26]} Bh6 {[%clk 0:05:50]} 23. Rb1
{[%clk 0:01:43]} Qxc2 {[%clk 0:04:25]} 24. Qe4 {[%clk 0:01:18]} Bg7
{[%clk 0:03:17]} 25. f3 {[%clk 0:01:02]} Nc5 {[%clk 0:02:52]} 26. Qe2
{[%clk 0:00:20]} Nxd3 {[%clk 0:02:17]} 27. Qxc2 {[%clk 0:00:17]} Rxc2
{[%clk 0:02:25]} 28. Rf1 {[%clk 0:00:24]} Rfc8 {[%clk 0:02:24]} 29. Nf2
{[%clk 0:00:16]} Nxf2 {[%clk 0:01:57]} 30. Rxf2 {[%clk 0:00:24]} d3
{[%clk 0:02:04]} 31. Bb3 {[%clk 0:00:13]} R2c5 {[%clk 0:01:01]} 32. Rd2
{[%clk 0:00:16]} Rd8 {[%clk 0:00:33]} 33. Rbd1 {[%clk 0:00:25]} a5
{[%clk 0:00:28]} 34. Ba2 {[%clk 0:00:16]} a4 {[%clk 0:00:15]} 35. b3
{[%clk 0:00:18]} axb3 {[%clk 0:00:19]} 36. Bxb3 {[%clk 0:00:27]} Rc3
{[%clk 0:00:26]} 37. Ba2 {[%clk 0:00:15]} Bh6 {[%clk 0:00:32]} 38. Rb2
{[%clk 0:00:13]} Rxa3 {[%clk 0:00:35]} 39. Bb3 {[%clk 0:00:12]} Ra6
{[%clk 0:00:23]} 40. Bc2 {[%clk 0:00:15]} Rad6 {[%clk 0:00:18]} 41. Bb1
{[%clk 0:00:13]} Rd5 42. Ba2 Rc5 {[%clk 0:00:21]} 43. Bb1 {[%clk 0:00:24]} d2
{[%clk 0:00:29]} 44. Rc2 {[%clk 0:00:17]} Rxc2 {[%clk 0:00:32]} 45. Bxc2
{[%clk 0:00:26]} Rc8 {[%clk 0:00:39]} 46. Bd3 {[%clk 0:00:20]} Rc1
{[%clk 0:00:44]} 0-1

[Event "euyr2018"]
[Site "?"]
[Date "2018.05.26"]
[Round "6.24"]
[White "Sulgan, Igor"]
[Black "Blaha, Lukas"]
[Result "1-0"]
[BlackElo "1603"]
[WhiteElo "1122"]
[LiveChessVersion "1.4.8"]

1. d4 {[%clk 0:20:19]} d5 {[%clk 0:20:19]} 2. c4 {[%clk 0:20:27]} Nf6
{[%clk 0:20:22]} 3. Nf3 {[%clk 0:19:51]} e6 {[%clk 0:20:07]} 4. Nc3
{[%clk 0:19:52]} Be7 {[%clk 0:19:47]} 5. cxd5 {[%clk 0:19:14]} Nxd5
{[%clk 0:19:41]} 6. Nxd5 {[%clk 0:18:59]} Qxd5 {[%clk 0:19:33]} 7. e3
{[%clk 0:18:59]} Nc6 {[%clk 0:19:29]} 8. Bd2 {[%clk 0:17:58]} O-O
{[%clk 0:19:19]} 9. Be2 {[%clk 0:17:17]} e5 {[%clk 0:18:53]} 10. Bc3
{[%clk 0:15:54]} Rd8 {[%clk 0:16:09]} 11. O-O {[%clk 0:15:16]} exd4
{[%clk 0:15:45]} 12. Nxd4 {[%clk 0:15:13]} Qg5 {[%clk 0:15:24]} 13. Qc2
{[%clk 0:12:48]} Bh3 {[%clk 0:14:21]} 14. Bf3 {[%clk 0:12:40]} Ne5
{[%clk 0:12:21]} 15. Bxb7 {[%clk 0:08:58]} Ng4 {[%clk 0:10:41]} 16. Bxa8
{[%clk 0:05:45]} Rxa8 {[%clk 0:10:40]} 17. Qe4 {[%clk 0:04:52]} Re8
{[%clk 0:09:52]} 18. Nf5 {[%clk 0:02:10]} Nf6 {[%clk 0:08:58]} 19. Nxe7+
{[%clk 0:01:06]} Rxe7 {[%clk 0:08:44]} 20. Bxf6 {[%clk 0:00:43]} gxf6
{[%clk 0:08:20]} 21. Qf3 {[%clk 0:00:37]} Bg4 {[%clk 0:07:10]} 22. Qg3
{[%clk 0:00:35]} Kh8 {[%clk 0:07:19]} 23. h3 {[%clk 0:00:37]} Bh5
{[%clk 0:07:06]} 24. Qxg5 {[%clk 0:00:36]} fxg5 {[%clk 0:07:15]} 25. g4
{[%clk 0:00:44]} Bg6 {[%clk 0:07:18]} 26. Rac1 {[%clk 0:00:52]} h5
{[%clk 0:07:22]} 27. Rfd1 {[%clk 0:00:44]} hxg4 {[%clk 0:06:40]} 28. hxg4
{[%clk 0:00:52]} Re4 {[%clk 0:06:50]} 29. Rd4 {[%clk 0:00:54]} Re7
{[%clk 0:06:56]} 30. Rdc4 {[%clk 0:00:49]} a6 {[%clk 0:06:01]} 31. Rxc7
{[%clk 0:00:56]} Re6 {[%clk 0:06:02]} 32. R7c6 {[%clk 0:01:05]} Re4
{[%clk 0:06:06]} 33. R1c4 {[%clk 0:01:02]} Re5 {[%clk 0:06:02]} 34. Rxa6
{[%clk 0:00:36]} Bd3 {[%clk 0:06:06]} 35. Ra8+ {[%clk 0:00:45]} Kg7
{[%clk 0:06:16]} 36. Rd4 {[%clk 0:00:49]} Bg6 {[%clk 0:06:20]} 37. a4
{[%clk 0:00:50]} Rc5 {[%clk 0:06:28]} 38. Rad8 {[%clk 0:00:46]} Rc1+
{[%clk 0:06:26]} 39. Rd1 {[%clk 0:00:55]} Rc2 {[%clk 0:06:31]} 40. R8d2
{[%clk 0:00:53]} Rc4 {[%clk 0:06:37]} 41. b3 {[%clk 0:00:56]} Rxg4+
{[%clk 0:06:13]} 42. Kf1 {[%clk 0:00:53]} Rb4 {[%clk 0:05:52]} 43. Rb2
{[%clk 0:00:55]} g4 {[%clk 0:05:49]} 44. Rd4 Rb6 {[%clk 0:05:46]} 45. Rxg4
{[%clk 0:01:10]} Rd6 {[%clk 0:05:51]} 46. Rd4 {[%clk 0:01:19]} Rc6
{[%clk 0:05:58]} 47. b4 {[%clk 0:01:17]} Rc1+ {[%clk 0:05:59]} 48. Kg2
{[%clk 0:01:23]} Rc6 {[%clk 0:05:59]} 49. b5 {[%clk 0:01:26]} Rb6
{[%clk 0:06:01]} 50. a5 {[%clk 0:01:34]} Rb8 {[%clk 0:06:09]} 51. b6
{[%clk 0:01:43]} Re8 {[%clk 0:05:57]} 52. b7 {[%clk 0:01:50]} Be4+
{[%clk 0:05:45]} 53. Rxe4 {[%clk 0:01:39]} Rxe4 {[%clk 0:05:53]} 54. b8=Q
{[%clk 0:01:45]} Re6 {[%clk 0:05:59]} 55. Rb6 {[%clk 0:01:42]} Re4
{[%clk 0:05:54]} 56. Qd6 {[%clk 0:01:39]} Re8 {[%clk 0:05:50]} 57. Qh6+
{[%clk 0:01:36]} Kg8 {[%clk 0:05:59]} 58. Rb5 {[%clk 0:01:39]} 1-0